Find the Nu Metal EPs - Statistics

General Stats
  • This quiz has been taken 64 times
  • The average score is 2 of 7
Answers on the Grid
Answers color-coded by a green-red scale on the quiz's grid according to % correct below.
Stink!#Bug -Dynamic Domination
Left - We Deliver For You
Fear The Clown - System
Vilejive - Abnegation Of Hierarchy
Slaves On Dope - Klepto
Strawhorse - Brillianteen
Juice - Beauté
Linea 77 - Too Much Happiness Makes Kids Paranoid
Brik - Stitches
Incubus - Enjoy Incubus
Lifer - Lifer
Godmode - ...And Everything That Passes
Reveille - Bleed The Sky
Limp Bizkit - The Unquestionable Truth
 
Answer Stats
Answer % Correct
Limp Bizkit - The Unquestionable Truth
68%
Brik - Stitches
40%
Incubus - Enjoy Incubus
38%
Juice - Beauté
33%
Slaves On Dope - Klepto
23%
Godmode - ...And Everything That Passes
18%
Strawhorse - Brillianteen
18%
No matching quizzes found
Score Distribution
Percent of People with Each Score
Percentile by Number Answered
Your Score History
You have not taken this quiz